[Event "Rome ASR op"]
[Site "Rome"]
[Date "2011.09.29"]
[Round "3"]
[White "Castellano, Lorenzo"]
[Black "Sacco, Davide"]
[Result "1/2-1/2"]
[WhiteElo "1872"]
[BlackElo "1641"]
[PlyCount "92"]
[EventDate "2011.09.15"]
[EventType "swiss"]
[EventRounds "5"]
[EventCountry "ITA"]
[SourceTitle "EXT 2024"]
[Source "ChessBase"]
[SourceDate "2023.10.10"]
[SourceVersion "1"]
[SourceVersionDate "2023.10.10"]
[SourceQuality "1"]

1. e4 c5 2. Nf3 d6 3. Bb5+ Bd7 4. Bxd7+ Nxd7 5. 0-0 Ngf6 6. Re1 e5 7. c3 Be7 8. d4 cxd4 9. cxd4 Qc7 10. Nc3 a6 11. a4 0-0 12. Bg5 Rac8 13. Rc1 Qb8 14. Qe2 Rfe8 15. Qd2 Bf8 16. h3 h6 17. Be3 b5 18. axb5 axb5 19. Qd3 b4 20. Ne2 Rxc1 21. Bxc1 Qb7 22. Ng3 exd4 23. Qxd4 Ne5 24. Nf5 Nxf3+ 25. gxf3 Re6 26. Bd2 b3 27. Kh2 Kh7 28. Qd3 Kh8 29. Nd4 Re5 30. Qxb3 Qxb3 31. Nxb3 Rb5 32. Re3 Nd7 33. Bc1 Nc5 34. Nxc5 Rxc5 35. Rc3 Rxc3 36. bxc3 f6 37. Ba3 Kg8 38. f4 g6 39. Kg3 Kf7 40. Kf3 Ke6 41. Ke3 Bg7 42. Kd3 h5 43. f5+ gxf5 44. exf5+ Ke5 45. c4 Bf8 46. f4+ Kxf5 1/2-1/2

[Event "Rome Cittadino La Lupa"]
[Site "Rome"]
[Date "2011.05.16"]
[Round "3"]
[White "Vannelli, Vittorio"]
[Black "Sacco, Davide"]
[Result "0-1"]
[WhiteElo "1798"]
[BlackElo "1624"]
[PlyCount "46"]
[EventDate "2011.05.05"]
[EventType "swiss"]
[EventRounds "7"]
[EventCountry "ITA"]
[SourceTitle "EXT 2024"]
[Source "ChessBase"]
[SourceDate "2023.10.10"]
[SourceVersion "1"]
[SourceVersionDate "2023.10.10"]
[SourceQuality "1"]

1. e4 c5 2. Nf3 e6 3. d4 cxd4 4. Nxd4 a6 5. Bd3 Qc7 6. 0-0 Nf6 7. Nc3 Be7 8. a4 0-0 9. a5 d6 10. f4 Nc6 11. Nxc6 bxc6 12. g4 g6 13. g5 Ne8 14. f5 exf5 15. exf5 Bxf5 16. Bxf5 gxf5 17. Rxf5 Ng7 18. Rf6 Bxf6 19. gxf6 Ne6 20. Qg4+ Kh8 21. Bh6 Rg8 22. Bg7+ Nxg7 23. fxg7+ Rxg7 0-1

[Event "Rome Accademia Primavera op"]
[Site "Rome"]
[Date "2011.04.01"]
[Round "1"]
[White "Lisi, Sebastiano"]
[Black "Sacco, Davide"]
[Result "1-0"]
[WhiteElo "1967"]
[BlackElo "1597"]
[PlyCount "27"]
[EventDate "2011.04.01"]
[EventType "swiss"]
[EventRounds "5"]
[EventCountry "ITA"]
[SourceTitle "EXT 2023"]
[Source "ChessBase"]
[SourceDate "2022.10.05"]
[SourceVersion "1"]
[SourceVersionDate "2022.10.05"]
[SourceQuality "1"]

1. e4 c5 2. Nc3 e6 3. f4 a6 4. Nf3 Qc7 5. g3 d6 6. Bg2 Nc6 7. 0-0 g6 8. d4 cxd4 9. Nxd4 Nge7 10. Be3 e5 11. Ndb5 axb5 12. Nxb5 Qd7 13. Nxd6+ Kd8 14. Bb6+ 1-0

[Event "Rome Nobile Memorial 3rd"]
[Site "Rome"]
[Date "2010.01.28"]
[Round "4"]
[White "Pastore, Cosmas"]
[Black "Sacco, Davide"]
[Result "0-1"]
[WhiteElo "1799"]
[BlackElo "1467"]
[PlyCount "106"]
[EventDate "2010.01.14"]
[EventType "swiss"]
[EventRounds "6"]
[EventCountry "ITA"]
[SourceTitle "EXT 2024"]
[Source "ChessBase"]
[SourceDate "2023.10.10"]
[SourceVersion "1"]
[SourceVersionDate "2023.10.10"]
[SourceQuality "1"]

1. e4 c5 2. c3 e6 3. d4 cxd4 4. cxd4 d5 5. e5 Nc6 6. Nf3 Qb6 7. Be2 Nge7 8. Na3 Nf5 9. Nc2 Bb4+ 10. Bd2 Bxd2+ 11. Qxd2 Qxb2 12. Rd1 0-0 13. 0-0 Qb6 14. Rb1 Qc7 15. Rfc1 Qd8 16. Na1 Rb8 17. Nb3 Bd7 18. Nc5 b6 19. Nxd7 Qxd7 20. Bd3 Na5 21. Ba6 Nb7 22. Qd3 g6 23. Rc3 Rbc8 24. Rbc1 Rxc3 25. Qxc3 Na5 26. Bd3 Nc4 27. Bxc4 dxc4 28. Qxc4 Rd8 29. Rd1 Rc8 30. Qd3 Qd5 31. g4 Ne7 32. Ng5 Kg7 33. Ne4 Qxa2 34. Qf3 Nd5 35. Nd6 Rf8 36. Rc1 Qd2 37. Rd1 Qf4 38. Qxf4 Nxf4 39. Kf1 Nd5 40. Rc1 a5 41. Ke2 a4 42. Ra1 Ra8 43. Kd3 f6 44. Kc4 h5 45. gxh5 g5 46. Ra3 Rh8 47. Rxa4 Rxh5 48. Ra7+ Kg6 49. exf6 Nxf6 50. Re7 Rxh2 51. Rxe6 Rxf2 52. Ne4 Rf4 53. Nd6 g4 0-1